000
00337nam a22001457a 4500
008
230717b ||||| |||| 00| 0 eng d
020
_a
9780134179025
041
_a
eng
080
_2
FIFTH EDITION
_a
51
082
_a
51HAR
100
_a
23
101
_a
MATEM
245
_a
COLLEGE ALGEBRA IN CONTEXT
_c
HARSHBARGER J
942
_2
udc
_c
BK
999
_c
60141
_d
60141